| 000 | 01273nam0a22003131 4500 | ||
|---|---|---|---|
| 001 | v19\rc\1882868 | ||
| 005 | 20260406093950.0 | ||
| 035 | _a(NLR Aleph) 004988854 | ||
| 090 |
_a6264080 _c6264080 |
||
| 100 | _a20080221d1910 u y0rusy50 ca | ||
| 101 | 0 | _arus | |
| 102 | _aRU | ||
| 105 | _ay z |||a| | ||
| 200 | 1 |
_aПроснулась женщина! _eПовести и рассказы _fГ.Т. Северцев-Полилов |
|
| 210 |
_aСанкт-Петербург _cПрогресс _d1910 |
||
| 215 |
_a236 с. _d22 |
||
| 327 | 1 | _aСодерж.: Проснулась женщина; Секретарь союза; В борьбе; Энтузиаст; Долг гражданина | |
| 464 | 0 |
_12001#$aПроснулась женщина$aСекретарь союза$aВ борьбе$aЭнтузиаст$aДолг гражданина _tДолг гражданина |
|
| 700 | 1 |
_8rus _7ca _aПолилов _bГ. Т. _f1859-1915 _gГеоргий Тихонович _3RU\NLR\AUTH\7767814 _950742 |
|
| 801 | 0 |
_aRU _bNLR _gpsbo |
|
| 801 | 0 |
_aRU _bRuMoRGB _2psbo |
|
| 801 | 1 |
_aRU _bProSoft-M _2rusmarc |
|
| 852 |
_aNLR _j37.36.3.49 |
||
| 899 |
_aRuMoRGB _jU 404/388 |
||
| 899 |
_aRuMoRGB _jU 66/116 |
||
| 899 | _aБАН | ||
| 942 | _cBOOK | ||
| 980 | _aNB | ||